Jesus as Prophet in Christianity and Islam (Record no. 10409)

MARC details
000 -LEADER
fixed length control field 00679nam a2200253 a 4500
020 ## - INTERNATIONAL STANDARD BOOK NUMBER
ISBN
082 00 - DEWEY DECIMAL CLASSIFICATION NUMBER
Classification number 291.172
Author Cutter LAW
100 ## - MAIN ENTRY--AUTHOR NAME
Author name Lawrence, Chellaian
245 ## - TITLE STATEMENT
Title Jesus as Prophet in Christianity and Islam
Sub title Model for Inter Faith Dialogue.
260 ## - PUBLICATION, DISTRIBUTION, ETC. (IMPRINT)
Place of publication Delhi
Name of publisher ISPCK
Year of publication 1997
300 ## - PHYSICAL DESCRIPTION
Number of Pages 425p.
500 ## - GENERAL NOTE
General note includes index and biblioraphy
505 2# - FORMATTED CONTENTS NOTE
Formatted contents note Bibliography
650 ## - SUBJECT ADDED ENTRY--TOPICAL TERM
Topical Term Reconciliation-Interfaith Chri Musl
650 ## - SUBJECT ADDED ENTRY--TOPICAL TERM
Topical Term Jesus Christ
942 ## - ADDED ENTRY ELEMENTS (KOHA)
Koha item type Books
700 1# -
-- Lawrence, Chellaian
Holdings
Collection code Home library Current library Date acquired Cost, normal purchase price Full call number Accession Number Koha item type
  Henry Martyn Institute Library Henry Martyn Institute Library 10/12/2010 150.00 291.172 LAW 018334 Books
                   Copyright © 2026 | Henry Martyn Institute | Hyderabad | TS-500052 | INDIA | Implemented by hmi.edu.in
Hit-Count:

Powered by Koha